| 000 | 00594nam a22001817a 4500 | ||
|---|---|---|---|
| 999 |
_c15017 _d15017 |
||
| 003 | OSt | ||
| 082 | _2631.56 SIM/ST | ||
| 088 | _aP 161 | ||
| 100 |
_aSIMI V. P _aSUDEEP P. S _93374 |
||
| 245 | _aStudies on pressure parboiling of paddy | ||
| 260 |
_aTavanur 2006 _bKelappaji College of Agricultural Engineering and Technology |
||
| 300 | _a50 | ||
| 500 | _aStudies on pressure parboiling of paddy | ||
| 520 | _aStudies on pressure parboiling of paddy | ||
| 700 |
_aEr. Prince M. V (Guide) _93375 |
||
| 856 | _uhttps://drive.google.com/open?id=1P_jdYjOB_ni7Jc1yeqbAJbwSclg-0-aj | ||
| 942 | _cPR | ||